[Event "37th Reykjavik op"]
[Site "Reykjavik ISL"]
[Date "2024.03.15"]
[Round "1.30"]
[White "Bottema, Martin"]
[Black "Wadsworth, Matthew"]
[WhiteElo "2053"]
[BlackElo "2450"]
[Result "0-1"]
[EventDate "2024.03.15"]
[PlyCount "115"]

1. Nf3 {[%eval 2,0]} d5 {[%eval 2,0]} 2. d4 {[%eval 1,0]} Nf6 {[%eval 24,0]} 3.
c4 {[%eval 0,0]} e6 {[%eval 12,0]} 4. g3 {[%eval 7,0]} Be7 {[%eval 22,0]} 5.
Bg2 {[%eval 17,0]} O-O {[%eval 18,0]} 6. O-O {[%eval 3,0]} dxc4 {[%eval 31,0]}
7. Qc2 {[%eval 32,0]} a6 {[%eval 19,0]} 8. a4 {[%eval 27,0]} Bd7 {[%eval 21,0]}
9. Qxc4 {[%eval 21,0]} Bc6 {[%eval 2,0]} 10. Bg5 {[%eval 22,0]} Bd5 {[%eval 28,
0]} 11. Qc2 {[%eval 27,0]} Be4 {[%eval 28,0]} 12. Qc1 {[%eval 29,0]} h6 {
[%eval 29,0]} 13. Bxf6 {[%eval 29,0]} Bxf6 {[%eval 29,0]} 14. Nbd2 {[%eval 1,0]
} Bxf3 {[%eval 1,0]} 15. Nxf3 {[%eval 1,0]} a5 {[%eval 12,0]} 16. e3 {[%eval 2,
0]} c6 {[%eval 3,0]} 17. Rd1 {[%eval 5,0]} Na6 {[%eval 17,0]} 18. Qc2 {[%eval
4,0]} Nb4 {[%eval 7,0]} 19. Qc4 {[%eval 1,0]} Qe7 {[%eval 24,0]} 20. Rd2 {
[%eval 2,0]} Rfd8 {[%eval 8,0]} 21. Rad1 {[%eval 9,0]} Qf8 {[%eval 14,0]} 22.
h4 {[%eval 18,0]} Rac8 {[%eval 19,0]} 23. Nh2 {[%eval 2,0]} h5 {[%eval 22,0]}
24. Be4 {[%eval 0,0]} Qe7 {[%eval 6,0]} 25. Nf3 {[%eval 0,0]} Rc7 {[%eval 0,0]}
26. b3 {[%eval 1,0]} Rcd7 {[%eval 4,0]} 27. Kg2 {[%eval 2,0]} g6 {[%eval 3,0]}
28. Bb1 {[%eval 6,0]} Na6 {[%eval 2,0]} 29. Ne1 {[%eval 0,0]} c5 {[%eval 31,0]}
30. d5 {[%eval 28,0]} exd5 {[%eval 41,0]} 31. Rxd5 {[%eval 32,0]} Rxd5 {
[%eval 45,0]} 32. Rxd5 {[%eval 42,0]} Rxd5 {[%eval 32,0]} 33. Qxd5 {[%eval 37,
0]} Nb4 {[%eval 34,0]} 34. Qc4 {[%eval 56,0]} Kg7 {[%eval 45,0]} 35. Nf3 {
[%eval 31,0]} Qd6 {[%eval 28,0]} 36. g4 {[%eval 0,0]} Qd5 $6 {[%eval 100,0]
Inaccuracy. hxg4 was best.} (36... hxg4 37. Qxg4 Qd1 38. Be4 Nd3 39. Qg3 Qxb3
40. h5 Qc2 41. Bxb7 c4 42. hxg6 fxg6 43. Bc6) 37. g5 {[%eval 103,0]} Bb2 {
[%eval 112,0]} 38. Qxd5 {[%eval 101,0]} Nxd5 {[%eval 119,0]} 39. Be4 {[%eval
121,0]} Nb6 {[%eval 100,0]} 40. Nd2 $6 {[%eval 13,0] Inaccuracy. Bxb7 was best.
} (40. Bxb7 c4) 40... Bc1 {[%eval 6,0]} 41. Nc4 {[%eval 1,0]} Nxc4 {[%eval 1,0]
} 42. bxc4 {[%eval 11,0]} b6 {[%eval 11,0]} 43. Bd3 {[%eval 12,0]} Bd2 {
[%eval 9,0]} 44. Kg3 {[%eval 9,0]} Be1 {[%eval 9,0]} 45. Kf3 {[%eval 1,0]} Kf8
{[%eval 1,0]} 46. Ke2 {[%eval 4,0]} Bc3 {[%eval 5,0]} 47. f4 {[%eval 4,0]} Kg7
{[%eval 5,0]} 48. Kf2 {[%eval 5,0]} Bd2 {[%eval 1,0]} 49. Ke2 {[%eval 1,0]} Bc3
{[%eval 1,0]} 50. e4 {[%eval 0,0]} Bd4 {[%eval 3,0]} 51. Bc2 {[%eval 0,0]} Bc3
{[%eval 3,0]} 52. e5 {[%eval 3,0]} Bb4 {[%eval 6,0]} 53. f5 {[%eval 0,0]} gxf5
{[%eval 0,0]} 54. Bxf5 {[%eval 0,0]} Bc3 {[%eval 0,0]} 55. e6 {[%eval 0,0]} f6
$4 {[%eval 761,0] Blunder. fxe6 was best.} (55... fxe6 56. Bxe6 Be5 57. Kf3 Bc3
58. Bd7 Kf7 59. Kf2 Bd4+ 60. Kg2 Bc3 61. Bc6 Be1 62. Bd5+) 56. g6 {[%eval 964,
0]} Kf8 {[%eval 884,0]} 57. Ke3 {[%eval 1055,0]} Be5 {[%eval 1043,0]} 58. Ke4 {
[%eval 905,0]} 0-1

[Event "37th Reykjavik op"]
[Site "Reykjavik ISL"]
[Date "2024.03.15"]
[Round "1.31"]
[White "Mammadzada, Gunay"]
[Black "Skarphedinsson, Ingvar Wu"]
[WhiteElo "2449"]
[BlackElo "2049"]
[Result "1-0"]
[EventDate "2024.03.15"]
[PlyCount "126"]

1. d4 {[%eval 15,0]} e6 {[%eval 45,0]} 2. Nf3 {[%eval 18,0]} Nf6 {[%eval 16,0]}
3. Bg5 {[%eval 0,0]} h6 {[%eval 0,0]} 4. Bh4 {[%eval 0,0]} c5 {[%eval 1,0]} 5.
Nc3 {[%eval 32,0]} cxd4 {[%eval 48,0]} 6. Nxd4 {[%eval 19,0]} a6 {[%eval 19,0]}
7. a3 {[%eval 35,0]} b5 {[%eval 5,0]} 8. e4 {[%eval 0,0]} d6 {[%eval 1,0]} 9.
Bd3 {[%eval 9,0]} Bb7 {[%eval 18,0]} 10. O-O $6 {[%eval 4,0] Inaccuracy. f4
was best.} (10. f4 Be7 11. Qe2 Nbd7 12. O-O-O Qb6 13. Nb3 Rc8 14. Bf2 Qd8 15.
Kb1 Rxc3 16. bxc3 Qc7) 10... Nbd7 {[%eval 44,0]} 11. f4 {[%eval 49,0]} Be7 {
[%eval 47,0]} 12. Bf2 {[%eval 47,0]} Qc7 {[%eval 44,0]} 13. Qe2 {[%eval 44,0]}
g6 {[%eval 14,0]} 14. Nb3 {[%eval 25,0]} Nc5 {[%eval 4,0]} 15. Rfe1 {[%eval 36,
0]} Nfd7 {[%eval 16,0]} 16. Bd4 {[%eval 32,0]} Bf6 {[%eval 0,0]} 17. Bxf6 {
[%eval 1,0]} Nxf6 {[%eval 8,0]} 18. e5 {[%eval 34,0]} Nxb3 {[%eval 41,0]} 19.
cxb3 {[%eval 39,0]} Nd5 {[%eval 24,0]} 20. Nxd5 {[%eval 29,0]} Bxd5 {[%eval 27,
0]} 21. b4 {[%eval 33,0]} O-O {[%eval 14,0]} 22. Qg4 $6 {[%eval 87,0]
Inaccuracy. Rac1 was best.} (22. Rac1 Qb7) 22... dxe5 {[%eval 71,0]} 23. Rxe5
$6 {[%eval -54,0] Inaccuracy. fxe5 was best.} (23. fxe5) 23... Rad8 $6 {
[%eval 58,0] Inaccuracy. Qb6+ was best.} (23... Qb6+ 24. Kh1 Kg7 25. Qg3 Qd4
26. Re2 Rac8 27. h4 Bc4 28. Rd1 Bxd3 29. Rxd3 Rc1+ 30. Kh2) 24. Rae1 $6 {
[%eval -33,0] Inaccuracy. h4 was best.} (24. h4) 24... Qa7+ {[%eval -25,0]} 25.
Kh1 $6 {[%eval -297,0] Inaccuracy. R5e3 was best.} (25. R5e3 Qd4 26. h3 Qxb2
27. f5 exf5 28. Bxf5 Qf6 29. Be4 Bc4 30. Qf3 Qb6 31. Qf2 Rd6) 25... Bxg2+ {
[%eval -295,0]} 26. Qxg2 {[%eval -119,0]} Rxd3 {[%eval -109,0]} 27. Rxe6 {
[%eval -111,0]} Kh8 $6 {[%eval -38,0] Inaccuracy. Rfd8 was best.} (27... Rfd8
28. R6e2 Qb6 29. Qe4 R3d4 30. Qe3 Qc6+ 31. Kg1 Kh7 32. Rc1 Qf6 33. Rf2 R8d5 34.
Rc5) 28. R6e2 {[%eval -178,0]} Qd7 {[%eval -175,0]} 29. Qe4 {[%eval -195,0]}
Rd5 $6 {[%eval -68,0] Inaccuracy. Rc8 was best.} (29... Rc8 30. Qe7 Qxe7 31.
Rxe7 Kg7 32. R7e3 Rd4 33. Re4 Rxe4 34. Rxe4 Rc1+ 35. Kg2 Rc2+ 36. Kg3) 30. Qe7
{[%eval -53,0]} Qxe7 {[%eval -79,0]} 31. Rxe7 {[%eval -83,0]} Rf5 {[%eval -74,
0]} 32. R7e4 {[%eval -47,0]} Rc8 {[%eval -79,0]} 33. R1e2 {[%eval -89,0]} Kg7 {
[%eval 89,0]} 34. Kg2 {[%eval -98,0]} Rd5 {[%eval 91,0]} 35. Kf3 $6 {[%eval
-45,0] Inaccuracy. Re7 was best.} (35. Re7) 35... Kf6 {[%eval -95,0]} 36. Re5
$6 {[%eval -152,0] Inaccuracy. h4 was best.} (36. h4 Rc1) 36... Rxe5 {[%eval
-122,0]} 37. Rxe5 {[%eval -121,0]} Rc2 {[%eval -144,0]} 38. Rc5 {[%eval -106,0]
} Rxb2 {[%eval -147,0]} 39. Rc6+ {[%eval -118,0]} Kf5 {[%eval -129,0]} 40. Rc5+
{[%eval -141,0]} Ke6 {[%eval -147,0]} 41. Rc6+ {[%eval -166,0]} Kd5 {[%eval
-197,0]} 42. Rxa6 {[%eval -181,0]} Rxh2 {[%eval -198,0]} 43. Ra7 {[%eval -183,
0]} Ra2 {[%eval -177,0]} 44. Kg4 $2 {[%eval -376,0] Mistake. f5 was best.} (44.
f5 Ra1 45. fxg6 fxg6 46. Rc7 Rf1+ 47. Ke3 Rf5 48. Rc5+ Kd6 49. Rc1 h5 50. Ra1
Kd5) 44... f5+ {[%eval -383,0]} 45. Kf3 {[%eval -400,0]} g5 {[%eval -206,0]}
46. fxg5 {[%eval -395,0]} hxg5 {[%eval -391,0]} 47. Rd7+ {[%eval -351,0]} Kc4 {
[%eval -332,0]} 48. Rc7+ {[%eval -363,0]} Kb3 {[%eval -336,0]} 49. Rc5 {
[%eval -343,0]} Rxa3 {[%eval -336,0]} 50. Rxf5 {[%eval -335,0]} Kxb4+ {[%eval
-335,0]} 51. Kf2 {[%eval -335,0]} Rd3 {[%eval -325,0]} 52. Rxg5 {[%eval -326,0]
} Ka4 {[%eval -327,0]} 53. Ke2 {[%eval -327,0]} Rd8 {[%eval -393,0]} 54. Rg4+ {
[%eval -381,0]} b4 {[%eval -381,0]} 55. Rg7 {[%eval -377,0]} Ka3 {[%eval -349,
0]} 56. Ra7+ {[%eval -393,0]} Kb2 {[%eval -389,0]} 57. Rb7 {[%eval -346,0]} b3
{[%eval -212,0]} 58. Rb6 {[%eval -347,0]} Ka2 {[%eval -384,0]} 59. Rb7 $6 {
[%eval -456,0] Inaccuracy. Ke3 was best.} (59. Ke3 Rd5 60. Ra6+ Kb1 61. Ke4 Rh5
62. Kd4 b2 63. Rb6 Ra5 64. Kc3 Ra3+ 65. Kd4 Ka2) 59... b2 {[%eval -484,0]} 60.
Ra7+ {[%eval -498,0]} Kb1 {[%eval -349,0]} 61. Ke1 $6 {[%eval -565,0]
Inaccuracy. Ke3 was best.} (61. Ke3 Rd5 62. Ke4 Rb5 63. Rh7 Kc2 64. Rh1 Ra5 65.
Kd4 b1=Q 66. Rxb1 Kxb1 67. Kc4 Ka1) 61... Rd4 {[%eval -32707,0]} 62. Ke2 $4 {
[%eval -32699,0] Checkmate is now unavoidable. Kf2 was best.} (62. Kf2 Kc2 63.
Rc7+ Kb3 64. Rb7+ Rb4 65. Rxb4+ Kxb4 66. Kg3 b1=Q 67. Kg4 Kc5 68. Kg5 Kd6)
62... Kc2 {[%eval -759,0]} 63. Rc7+ {[%eval -778,0]} Kb3 {[%eval -496,0]} 1-0

[Event "37th Reykjavik op"]
[Site "Reykjavik ISL"]
[Date "2024.03.15"]
[Round "1.32"]
[White "Paasikangas, Johanna"]
[Black "Chasin, Nico"]
[WhiteElo "2046"]
[BlackElo "2447"]
[Result "0-1"]
[EventDate "2024.03.15"]
[PlyCount "27"]

1. e4 {[%eval 13,0]} e6 {[%eval 0,0]} 2. d4 {[%eval 41,0]} d5 {[%eval 21,0]} 3.
Nc3 {[%eval 0,0]} Nf6 {[%eval 0,0]} 4. Bg5 {[%eval 8,0]} dxe4 {[%eval 28,0]} 5.
Nxe4 {[%eval 17,0]} Be7 {[%eval 17,0]} 6. Bxf6 {[%eval 9,0]} gxf6 {[%eval 34,0]
} 7. Nf3 {[%eval 12,0]} f5 {[%eval 22,0]} 8. Nc3 {[%eval 4,0]} a6 {[%eval 35,0]
} 9. g3 {[%eval 46,0]} b5 {[%eval 35,0]} 10. Bg2 {[%eval 28,0]} Bb7 {[%eval 32,
0]} 11. O-O {[%eval 42,0]} Nd7 $6 {[%eval 142,0] Inaccuracy. O-O was best.} (
11... O-O) 12. d5 {[%eval 129,0]} Nb6 {[%eval 176,0]} 13. dxe6 {[%eval 186,0]}
fxe6 $6 {[%eval 294,0] Inaccuracy. Qxd1 was best.} (13... Qxd1 14. Raxd1) 14.
Nd4 {[%eval 285,0]} 0-1

[Event "37th Reykjavik op"]
[Site "Reykjavik ISL"]
[Date "2024.03.15"]
[Round "1.33"]
[White "Nevednichy, Vladislav"]
[Black "Brackmann, Hendrik"]
[WhiteElo "2445"]
[BlackElo "2037"]
[Result "1-0"]
[EventDate "2024.03.15"]
[PlyCount "38"]

1. d4 {[%eval 15,0]} Nf6 {[%eval 16,0]} 2. c4 {[%eval 16,0]} e6 {[%eval 21,0]}
3. Nc3 {[%eval 8,0]} Bb4 {[%eval 12,0]} 4. Bd2 {[%eval 0,0]} O-O {[%eval 18,0]}
5. Nf3 {[%eval 9,0]} b6 {[%eval 9,0]} 6. g3 {[%eval 1,0]} Ba6 {[%eval 11,0]} 7.
Qb3 {[%eval 9,0]} c5 {[%eval 6,0]} 8. a3 {[%eval 19,0]} Ba5 {[%eval 12,0]} 9.
dxc5 {[%eval 9,0]} bxc5 {[%eval 15,0]} 10. Bg2 {[%eval 43,0]} Nc6 {[%eval 44,0]
} 11. Na4 $6 {[%eval -68,0] Inaccuracy. Qa4 was best.} (11. Qa4 Rb8 12. Ra2 Rb6
13. O-O Bxc3 14. Bxc3 Ne4 15. Rc1 Qb8 16. Raa1 Bc8 17. b4 Nxc3) 11... Ne4 {
[%eval -57,0]} 12. Qc2 $2 {[%eval -118,0] Mistake. Qe3 was best.} (12. Qe3 d5
13. O-O Nd4 14. Bxa5 Qxa5 15. Nxc5 Nf5 16. b4 Nxe3 17. bxa5 Nxc5 18. fxe3 Nb3)
12... Nxd2 {[%eval -122,0]} 13. Nxd2 {[%eval -113,0]} d5 $4 {[%eval 5,0]
Blunder. Nd4 was best.} (13... Nd4 14. Qd1 Bxd2+ 15. Qxd2 Nb3 16. Qc3 Rb8 17.
Rd1 d6 18. Qc2 Nd4 19. Rxd4 cxd4 20. O-O) 14. Nxc5 {[%eval 57,0]} Nd4 {[%eval
68,0]} 15. Qc1 $4 {[%eval -294,0] Blunder. Qd1 was best.} (15. Qd1) 15... dxc4
{[%eval -266,0]} 16. Kf1 $6 {[%eval -377,0] Inaccuracy. Nxa6 was best.} (16.
Nxa6 Nb3 17. Nb4 Bxb4 18. axb4 Nxc1 19. Rxc1 Rc8 20. Nxc4 Qe7 21. O-O Qxb4 22.
b3 h5) 16... c3 {[%eval -389,0]} 17. Nxa6 {[%eval -207,0]} cxd2 {[%eval -212,0]
} 18. Qd1 {[%eval -387,0]} Rc8 {[%eval -399,0]} 19. b4 $6 {[%eval -491,0]
Inaccuracy. Bb7 was best.} (19. Bb7 Rc4 20. Be4 Qc8 21. Kg2 Qxa6 22. b4 Bb6 23.
Qxd2 Nf5 24. Bf3 Rd8 25. Qb2 Bd4) 19... Nb3 {[%eval -451,0]} 1-0

[Event "37th Reykjavik op"]
[Site "Reykjavik ISL"]
[Date "2024.03.15"]
[Round "1.34"]
[White "Heidarsson, Arnar Milutin"]
[Black "Injac, Teodora"]
[WhiteElo "2037"]
[BlackElo "2434"]
[Result "0-1"]
[EventDate "2024.03.15"]
[PlyCount "86"]

1. e4 {[%eval 13,0]} c5 {[%eval 33,0]} 2. Nf3 {[%eval 22,0]} e6 {[%eval 41,0]}
3. d4 {[%eval 42,0]} cxd4 {[%eval 26,0]} 4. Nxd4 {[%eval 4,0]} Nf6 {[%eval 4,0]
} 5. Bd3 {[%eval 19,0]} Nc6 {[%eval 29,0]} 6. Nxc6 {[%eval 17,0]} bxc6 {
[%eval 29,0]} 7. Bf4 {[%eval 2,0]} d5 {[%eval 25,0]} 8. Nd2 {[%eval 3,0]} Be7 {
[%eval 5,0]} 9. O-O {[%eval 51,0]} O-O {[%eval 54,0]} 10. e5 {[%eval 57,0]} Nd7
{[%eval 6,0]} 11. Re1 {[%eval 45,0]} c5 {[%eval 92,0]} 12. c3 {[%eval 51,0]} f5
{[%eval 77,0]} 13. exf6 {[%eval 78,0]} Nxf6 {[%eval 77,0]} 14. c4 {[%eval 71,0]
} Ne4 {[%eval 121,0]} 15. Bxe4 {[%eval 126,0]} Rxf4 {[%eval 122,0]} 16. cxd5 {
[%eval 115,0]} exd5 {[%eval 116,0]} 17. Bxd5+ {[%eval 111,0]} Qxd5 {[%eval 126,
0]} 18. Rxe7 {[%eval 126,0]} Bh3 {[%eval 183,0]} 19. Ne4 {[%eval 193,0]} Qc6 $2
{[%eval 392,0] Mistake. Be6 was best.} (19... Be6 20. Nc3 Qc6 21. Qe2 Bf7 22.
Qe5 Rg4 23. g3 Rd4 24. Rc7 Qf3 25. Qxc5 Rd2 26. Rc8+) 20. f3 $6 {[%eval 275,0]
Inaccuracy. Qb3+ was best.} (20. Qb3+ Kh8 21. Re1 Bf5 22. Qf7 Qg6 23. Ng3 Rg8
24. Rxa7 h6 25. h3 Qg5 26. Re8 Bh7) 20... Be6 {[%eval 276,0]} 21. Qd2 $2 {
[%eval 104,0] Mistake. Qd6 was best.} (21. Qd6) 21... Rf7 {[%eval 123,0]} 22.
Rxf7 {[%eval 129,0]} Bxf7 {[%eval 116,0]} 23. Rd1 {[%eval 91,0]} h6 {[%eval
115,0]} 24. Qc3 $6 {[%eval 25,0] Inaccuracy. a3 was best.} (24. a3 Bg6) 24...
Qa4 $6 {[%eval 108,0] Inaccuracy. Bxa2 was best.} (24... Bxa2) 25. Rd2 $6 {
[%eval 37,0] Inaccuracy. Ra1 was best.} (25. Ra1 Qb4 26. a3 Qxc3 27. bxc3 Bg6
28. Re1 Bxe4 29. Rxe4 Rd8 30. Rc4 Rd1+ 31. Kf2 Ra1) 25... Qxa2 {[%eval 49,0]}
26. Qxc5 {[%eval 47,0]} Rb8 {[%eval 77,0]} 27. b4 {[%eval 6,0]} Qa3 {[%eval 88,
0]} 28. Rd7 {[%eval 34,0]} a5 $4 {[%eval 252,0] Blunder. Be6 was best.} (28...
Be6 29. Re7) 29. Rxf7 $4 {[%eval 5,0] Blunder. bxa5 was best.} (29. bxa5 Qa1+
30. Kf2 Rb2+ 31. Rd2 Bg6 32. Qd5+ Kh8 33. Rxb2 Qxb2+ 34. Qd2 Qb5 35. Nd6 Qc5+)
29... Qa1+ {[%eval 11,0]} 30. Kf2 {[%eval 9,0]} Qa2+ {[%eval 11,0]} 31. Kg3 {
[%eval 9,0]} Qxf7 {[%eval 6,0]} 32. bxa5 {[%eval 12,0]} Qg6+ {[%eval 3,0]} 33.
Kh3 {[%eval 7,0]} Qe6+ {[%eval 3,0]} 34. g4 {[%eval 8,0]} Rb3 {[%eval 6,0]} 35.
Kg2 {[%eval 6,0]} Qf7 {[%eval 1,0]} 36. Nc3 {[%eval 1,0]} Rb2+ {[%eval 7,0]}
37. Kg3 {[%eval 6,0]} g5 {[%eval 0,0]} 38. Nd5 {[%eval 0,0]} Qe6 {[%eval 0,0]}
39. Ne3 {[%eval 0,0]} Rd2 {[%eval 0,0]} 40. Qc4 {[%eval 0,0]} Qxc4 {[%eval 0,0]
} 41. Nxc4 {[%eval 0,0]} Ra2 {[%eval 0,0]} 42. h4 {[%eval 0,0]} Ra4 {[%eval 0,
0]} 43. Nd6 {[%eval 0,0]} Rxa5 {[%eval 0,0]} 0-1

[Event "37th Reykjavik op"]
[Site "Reykjavik ISL"]
[Date "2024.03.15"]
[Round "1.35"]
[White "Bulmaga, Irina"]
[Black "Weigand, Anton"]
[WhiteElo "2429"]
[BlackElo "2036"]
[Result "1/2-1/2"]
[EventDate "2024.03.15"]
[PlyCount "130"]

1. d4 {[%eval 15,0]} Nf6 {[%eval 16,0]} 2. Nf3 {[%eval 12,0]} d5 {[%eval 24,0]}
3. c4 {[%eval 0,0]} e6 {[%eval 12,0]} 4. g3 {[%eval 7,0]} Be7 {[%eval 22,0]} 5.
Bg2 {[%eval 17,0]} O-O {[%eval 18,0]} 6. O-O {[%eval 3,0]} a5 {[%eval 51,0]} 7.
Nc3 {[%eval 25,0]} c6 {[%eval 34,0]} 8. Nd2 {[%eval 28,0]} b6 {[%eval 35,0]} 9.
Re1 {[%eval 5,0]} Ba6 {[%eval 46,0]} 10. cxd5 {[%eval 53,0]} cxd5 {[%eval 37,0]
} 11. e4 {[%eval 42,0]} Nc6 {[%eval 45,0]} 12. exd5 {[%eval 4,0]} Nxd5 {
[%eval 39,0]} 13. Nxd5 {[%eval 41,0]} exd5 {[%eval 44,0]} 14. Nf3 {[%eval 41,0]
} Nb4 {[%eval 62,0]} 15. Re3 {[%eval 45,0]} Rc8 {[%eval 47,0]} 16. Rc3 {
[%eval 52,0]} Bf6 {[%eval 74,0]} 17. h4 {[%eval 8,0]} h6 {[%eval 126,0]} 18.
Be3 {[%eval 71,0]} Re8 {[%eval 101,0]} 19. a3 {[%eval 86,0]} Rxc3 {[%eval 89,0]
} 20. bxc3 {[%eval 94,0]} Nc6 {[%eval 9,0]} 21. Nh2 {[%eval 88,0]} Bc4 {
[%eval 99,0]} 22. Ng4 {[%eval 78,0]} b5 {[%eval 72,0]} 23. Rb1 $6 {[%eval 0,0]
Inaccuracy. Qf3 was best.} (23. Qf3 Re6 24. Bh3 Be7 25. Nh2 Rf6 26. Bf4 Bd6 27.
Ng4 Re6 28. Bxd6 Rxd6 29. h5 Re6) 23... a4 {[%eval 0,0]} 24. Bf1 {[%eval 0,0]}
Bxf1 {[%eval 0,0]} 25. Kxf1 {[%eval 0,0]} Na7 {[%eval 12,0]} 26. Qf3 {[%eval 2,
0]} Re6 {[%eval 15,0]} 27. Bc1 {[%eval 16,0]} Rc6 {[%eval 69,0]} 28. Kg2 $6 {
[%eval 0,0] Inaccuracy. Bf4 was best.} (28. Bf4 Be7) 28... h5 {[%eval 49,0]}
29. Nxf6+ {[%eval 48,0]} Rxf6 $6 {[%eval 128,0] Inaccuracy. Qxf6 was best.} (
29... Qxf6 30. Qxh5) 30. Qxh5 {[%eval 103,0]} Qd7 $6 {[%eval 178,0] Inaccuracy.
Qe8 was best.} (30... Qe8 31. Rb2 Qe4+ 32. Kh2 Qe1 33. Bf4 Qxc3 34. Re2 Re6 35.
Rxe6 fxe6 36. Qg6 Qc6 37. h5) 31. Bf4 {[%eval 174,0]} Re6 {[%eval 215,0]} 32.
Qf5 {[%eval 177,0]} Nc8 {[%eval 166,0]} 33. Qd3 {[%eval 173,0]} Rb6 {[%eval
159,0]} 34. f3 $2 {[%eval 18,0] Mistake. Qe2 was best.} (34. Qe2 Ne7) 34... Ne7
$2 {[%eval 156,0] Mistake. Nd6 was best.} (34... Nd6 35. Bxd6) 35. g4 {[%eval
101,0]} Ng6 {[%eval 107,0]} 36. Bg3 {[%eval 92,0]} Nf8 {[%eval 91,0]} 37. h5 {
[%eval 93,0]} Qc6 {[%eval 98,0]} 38. Kh3 {[%eval 88,0]} Ne6 {[%eval 101,0]} 39.
f4 $6 {[%eval 12,0] Inaccuracy. Kg2 was best.} (39. Kg2 Qc8) 39... Nf8 $6 {
[%eval 78,0] Inaccuracy. Qd6 was best.} (39... Qd6) 40. g5 {[%eval 93,0]} Qd7+
$6 {[%eval 166,0] Inaccuracy. Qd6 was best.} (40... Qd6 41. Rb4 Qe7 42. Kh4 Rc6
43. Rxb5 Qxa3 44. Qf5 g6 45. Qxd5 Qxc3 46. Rb7 Rc7 47. Rb8) 41. Kh4 $6 {
[%eval 84,0] Inaccuracy. f5 was best.} (41. f5 Rc6 42. Re1 g6 43. hxg6 fxg6 44.
Kg4 Rc4 45. Re3 b4 46. cxb4 gxf5+ 47. Qxf5 Rxd4+) 41... g6 $2 {[%eval 204,0]
Mistake. Qe7 was best.} (41... Qe7) 42. f5 {[%eval 193,0]} gxh5 $6 {[%eval 266,
0] Inaccuracy. gxf5 was best.} (42... gxf5 43. Rf1) 43. Kxh5 {[%eval 251,0]} f6
{[%eval 269,0]} 44. Kg4 {[%eval 315,0]} fxg5 {[%eval 308,0]} 45. Rh1 {[%eval
283,0]} Nh7 {[%eval 334,0]} 46. Be5 {[%eval 303,0]} Qf7 {[%eval 347,0]} 47. Qe3
{[%eval 296,0]} Rc6 $4 {[%eval 32746,0] Checkmate is now unavoidable. Qe7 was
best.} (47... Qe7 48. Qf3) 48. Rb1 $4 {[%eval -145,0] Lost forced checkmate
sequence. Qxg5+ was best.} (48. Qxg5+ Kf8 49. Rxh7 Qxh7 50. Qd8+ Kf7 51. Qd7+
Kf8 52. Qxh7 Ke8 53. f6 Kd8 54. Qe7+ Kc8) 48... Rh6 {[%eval -167,0]} 49. Rg1 $4
{[%eval -497,0] Blunder. Rb2 was best.} (49. Rb2 Rh4+ 50. Kg3 Qxf5 51. Kg2 Rg4+
52. Bg3 Nf6 53. Qf3 Qe6 54. Rf2 Kg7 55. Kf1 Kg6) 49... Rh4+ {[%eval -500,0]}
50. Kg3 {[%eval -391,0]} Qxf5 {[%eval -309,0]} 51. Kg2 {[%eval -308,0]} Nf6 {
[%eval -500,0]} 52. Rf1 {[%eval -489,0]} Rg4+ {[%eval -492,0]} 53. Bg3 {
[%eval -496,0]} Qe4+ {[%eval -495,0]} 54. Qf3 {[%eval -476,0]} Nh5 {[%eval
-472,0]} 55. Qxe4 {[%eval -488,0]} dxe4 {[%eval -487,0]} 56. Rf5 {[%eval -477,
0]} Rxg3+ {[%eval -494,0]} 57. Kh2 {[%eval -318,0]} Rxc3 {[%eval -393,0]} 58.
Rxg5+ {[%eval -324,0]} Ng7 {[%eval -324,0]} 59. Rxb5 {[%eval -305,0]} Rxa3 {
[%eval -328,0]} 60. Re5 {[%eval -314,0]} Re3 {[%eval -348,0]} 61. Kg2 {[%eval
-500,0]} a3 {[%eval -465,0]} 62. Kf2 {[%eval -453,0]} Rf3+ {[%eval -458,0]} 63.
Kg2 {[%eval -476,0]} Rb3 {[%eval -495,0]} 64. Kf2 Kf7 65. d5 a2 1/2-1/2